000 00761nam a2200289Ia 4500
005 20260324114636.0
008 008 260324s9999 xx 000 0 eng d
020 _a9781003050841
037 _aEBOOK
040 _aCRL
040 _beng
040 _cCRL
041 _2eng
041 _aeng
084 _qCRL
100 _aNeville Stanton; Kirsten M. A. Revell; Patrick Langdon
_91151583
245 0 _aDesigning Interaction and Interfaces for Automated Vehicles
245 0 _bUser-Centred Ecological Design and Testing
260 _bTaylor and Francis
260 _c2021
365 _a
365 _b305
856 _uhttp://www.taylorfrancis.com/books/9781003050841
942 _cEBOOK
999 _c1741891
_d1741891